L'abbazia Dei Cento Delitti Codice millenarius saga

Guardat en:
Dades bibliogràfiques
Autor principal: Marcello Simoni
Format: Llibre
Idioma:idioma desconegut
Publicat: Newton Comton Editori
Etiquetes: Afegir etiqueta
Sense etiquetes, Sigues el primer a etiquetar aquest registre!

MARC

LEADER 00000nam a2200000Ia 4500
001 R-680
003 CODICE-MESSINA
005 20260212102455.0
008 260211s9999 xx 000 0 und d
040 |c importazione_messina 
100 |a Marcello Simoni 
245 0 |a L'abbazia Dei Cento Delitti 
245 0 |b Codice millenarius saga 
260 |b Newton Comton Editori 
942 |2 ddc  |c BK 
952 |0 0  |1 0  |2 ddc  |4 0  |6 SCAFFALE_6_000000000000000__ROMANZI  |7 0  |9 31505  |a ME  |b ME  |d 2026-02-11  |l 0  |o SCAFFALE 6 - ROMANZI  |p R-680  |r 2026-02-11 23:52:36  |w 2026-02-11  |x [REVISIONARE]  |y BK 
999 |c 27170  |d 27170